000 00325nam a2200109Ia 4500
008 171211s9999 xx 000 0 und d
245 _aDigital Preservation for Heritages
245 _cDongming Lu and Yunhe Pan
260 _c2010
650 _xINFORMATION TECHNOLOGIES
856 _uhttp://down.ebook777.com/064/3642048617.pdf
999 _c349710
_d349710